Financial reporting and statement analysis : A strategic perspective

The book illustrates the effective analysis of financial statements through an integration of concepts from economics, business strategy, accounting, and other business disciplines. This analysis is accomplished by utilizing textual material based on these concepts and problems and cases built aroun...

Descrición completa

Gardado en:
Detalles Bibliográficos
Autor Principal: Stickney, Clyde P.
Formato: Libro
Idioma:Undetermined
Publicado: Orlando Dryden 1996
Những chủ đề:
Các nhãn: Engadir etiqueta
Sen Etiquetas, Sexa o primeiro en etiquetar este rexistro!
Thư viện lưu trữ: Trung tâm Học liệu Trường Đại học Cần Thơ
LEADER 01085nam a2200205Ia 4500
001 CTU_19216
008 210402s9999 xx 000 0 und d
082 |a 657.3 
082 |b S854 
100 |a Stickney, Clyde P. 
245 0 |a Financial reporting and statement analysis : 
245 2 |b A strategic perspective 
245 0 |c Clyde P. Stickney 
260 |a Orlando 
260 |b Dryden 
260 |c 1996 
520 |a The book illustrates the effective analysis of financial statements through an integration of concepts from economics, business strategy, accounting, and other business disciplines. This analysis is accomplished by utilizing textual material based on these concepts and problems and cases built around real-world companies. The text portion of the book sets forth important concepts and analytical tools and then demonstrates their application by using the financial statements of Coca-Cola and PepsiCo 
650 |a Accounting 
904 |i Minh,Hải sửa số 658.48/S854f thành 657.3/S854 
980 |a Trung tâm Học liệu Trường Đại học Cần Thơ